000
00341 a2200157 4500
001
161003
020
_a
85-280-0089-3
040
_c
Magnum
100
_a
Martins, Sérgio Francisco
240
1
0
_a
Pela boca de gumex
_l
por
245
1
0
_a
Pela boca de gumex
300
_a
72
362
0
_a
1989
697
_a
LITERATURA JUVENIL
942
_c
BK
999
_c
161003
_d
161003